000 00839nam a2200253Ia 4500
008
049 _aMAIN
090 _aQA76.5
_bBUR
100 1 _aBurstein, Jerome S.
245 1 0 _aInstructor's manual to accompany Computers and information systems /
_cJerome S. Burstein.
260 _aNew York :
_bHolt, Rinehart & Winston,
_cc1986.
300 _a360 p. :
_bill. ;
_c28 cm.
650 0 _aElectronic digital computers.
650 0 _aComputer software.
650 0 _aInformation storage and retrieval systems.
700 1 _aBurstein, Jerome S.
_tComputers and information systems.
740 0 _aComputers and information systems.
907 _a.b10042611
_b15-01-13
_c17-04-03
994 _a92
_bZNA
003
005 20230123133729.0
040 _cNUST
942 _cBOOKS
_kQA76.5
_mBUR
999 _c153657
_d153657